Statistics for Top Richest Countries That Speak a Germanic Language

Click here to take the quiz!

General Stats

  • This quiz has been taken 57 times
  • The average score is 14 of 15

Answer Stats

GDPCountry% Correct
$68.570Netherlands
98%
$62.920Germany
96%
$140.690Luxembourg
96%
$64.750Austria
94%
$69.280Denmark
94%
$84.660Switzerland
94%
$180.360Liechtenstein
93%
$76.020United States
93%
$61.580Belgium
91%
$57.810Canada
91%
$77.810Norway
91%
$63.270Sweden
89%
$61.940Australia
85%
$124.600Ireland
80%
$64.620Iceland
76%

Score Distribution

Percentile by Number Answered

Percent of People with Each Score

Your Score History

You have not taken this quiz